000 00266nam a2200109Ia 4500
005 20251222114400.0
008 251222s1900||||xx |||||||||||||| ||spa||
082 _aDVD0070/B44/1997/Ej.3
245 0 _aLa vida es bella
264 _bMelampo Cinematografica
942 _cDVD
999 _c1619
_d1619